000 01363nab a2200253 i 4500
001 768714001
003 CO-MdFUSB
005 20240516125551.0
008 240516t1971 sp ||||| |||| 00| 0 spa d
040 _bspa
_cCO-MdFUSB
_dCO-MdFUSB
041 _aspa
100 _aZalotay, Joseph,
_eautor
245 _aPecado original
_c/ Joseph Zalotay ; traducido por Jesús Valiente Malla
520 _aNo faltan esmeradas presentaciones de la doctrina del pecado original según la concepción paulina hasta los teólogos dogmáticos lo abordan a su propio modo. El presente artículo pretende ser una aportación al diálogo entre el exegeta y el teólogo dogmático. Los exegetas ya han discutido las posiciones de Freud con relación al pecado original; los historiadores han lanzado su reto a los teólogos; los exegetas, por su parte, han impreso su huella en las modernas discusiones dogmáticas.
650 0 _aBiblia
_916
650 7 _aPecado
_9368
650 7 _aTeología bíblica
_9320
650 7 _aApologética
_9187
653 _aMensaje cristiano
700 _aValiente Malla, Jesús,
_etraductor
773 0 _049450
_982637
_oR2560
_tRevista internacional de teología Concilium
_w(CO-MdFUSB)8
_x0210-1041
_gNúmero 70, (diciembre, 1971), páginas: 540 - 549
_qpágina: 540
942 _cANA
945 _aCatherine Arias Alvarez - Practicante SENA
999 _c69747
_d69747